SCH Featurings - Statistiques

Statistiques générales
  • Ce quiz a été pris 99 fois
    16 depuis la dernière actualisation
  • Le résultat moyen est 42 sur 88
Statistiques - réponses
Hint Réponse % Correct
Baden Baden (2019); GJS (2021); Un monde à l'autre (2025) Gims
100%
HS (2019); Fade Up (2022) Hamza
100%
Mother Fuck (2020); Le trio ternura (2024);Avengers (2021); Sapapaya (2021); GJS (2021);
Planète Mars 2021 (Bah 2021 du coup); Banse organisée (2020); L'étoile sur le maillot (2020); C'est maintenant (2020); Je suis Marseille (2020); 13 organisé (2020); Le classico organisé (2021); Légendaire (2021); C'est pas un film (2021); Bande orgnanisée 2 (2024); Mode Akimbo (2021); Fantôme (2021)
Jul
100%
Cigarette (2019); Automatic (2023); Où sont les euros (2015) Kaaris
100%
La danse des bandits (2021); Dreamlife (2022);Avengers (2021); Coffre-fort (2020); 13 organisé (2020); Bande organisée (2020); C'est maintenant (2020); Le classico organisé (2021); Bande organisée 2 (2024) Naps
100%
Prêt à partir (2018); Mayday (2019); Kimono (2021);La vie du binks (2021) Ninho
100%
Rien de lavable (2017); Valise (2020); Solitude (2019);Légendaire (2021) Rim'K
100%
La Paresse (2016); 6.35 (2015); Mon frelo (2015); La vie du binks (2021); Pas de manières (2015); Kimono (2021) Sadek
100%
American Airlines (2020); C'est pas un film (2021) Sofiane
100%
02:00 (2024) Damso
90%
Mannschaft (2021) Freeze Corleone
90%
Liquide (2015); Ca va (2017); Laisse-les (2017); On y est (2015);6.35 (2015); Tony (2015); Mon frelo (2015) Lacrim
90%
Les derniers marioles (2021); Va jober (2022);Bande organisée (2020); Bande organisée 2 (2024); Le classico organisé (2021) 13 organisé (2020) Soso Maness
90%
Caractère (2018); Bande organisée (2020);C'est maintenant (2020); 13 organisé (2020); Le classico organisé (2021); Bande organisée 2 (2024) Kofs
80%
Sapapaya (2021), L'étoile sur le maillot (2020);C'est maintenant (2020); Je suis Marseille (2020) L'Algérino
80%
Fantôme (2021); L'étoile sur le maillot (2020);Je suis Marseille (2020) Le Rat Luciano
80%
9 1 1 3 (2020) Zola
80%
International Gangstas (2018) 6ix9ine
70%
Le trio ternura (2024); Goyard (2021); Diamant (2021);Planète Mars 2021 (Toujours 2021); Juste une minute (2024); L'étoile sur le maillot (2020); C'est maintenant (2020); Je suis Marseille (2020); 13 organisé (2020); C'est pas un film (2021); Bande organisée 2 (2024); Alonzo
70%
Bande organisée (2020); Bande organisée 2 (2024);13 organisé (2020) Elams
70%
Super Silver Haze (2019) Heuss L'enfoiré
70%
Valise (2020); Le classico organisé (2021) Koba LaD
70%
La vie de star (2024) Maes
70%
Hier (2019); Incontrolables (2021);Le classico organisé (2021) PLK
70%
Balenciaga (2016); XNX (2018); Cartine Cartier (2016);Soldi Famiglia (2023 Sfera Ebbasta
70%
Transmission Automatique (2022); Suspects (2022) So La Lune
70%
Planète Mars 2021 (2021...); La vie du binks (2021);Légendaire (2021); 13 organisé (2020) Soprano
70%
Dernier Retrait (2019); Halloween (2019) Vald
70%
Magot (2023); La vie de star (2024) Werenoi
70%
Aniki, mon frère (2015) Hooss
60%
Mon frelo (2015); Pas de manières (2015) Lapso Laps
60%
Smile (2020) Lefa
60%
Maryline (2020); Tiki Taka (2024); Every Day (2019) Soolking
60%
Ni amour ni amitié (2020); La vie du binks (2021) DA Uzi
50%
La vie du binks (2021) Hornet La Frappe
50%
Un monde à l'autre (2025) La Mano 1.9
50%
Secteur (2019); Cursus (2019) Le A
50%
Mauvais payeur (2016) Niska
50%
Paradis (2024) Shay
50%
Pavel (2020) 13 Block
40%
Je suis Marseille (2020); Chiens Fantômes (2023) Akhenaton
40%
Business (2020) Bosh
40%
International Gangstas (2018) CAPO
40%
Margineaux (2022); Ma Baby (2022) Dinos
40%
International Gangstas (2018) Farid Bang
40%
Le classico organisé (2021) Gazo
40%
Fais pas confiance (2024); Bande organisée (2020);Bande organisée 2 (2024); 13 organisé (2020) Houari
40%
Dernière ligne droite (2022) Laylow
40%
Solvable (2020) Niro
40%
Saint Laurent (2025) OBOY
40%
Plage Enneigée (2024) Warend
40%
Où sont les euros (2015); Ciel (2017) Worms-T
40%
Le poison (2025); Pitlane (2025) Zamdane
40%
Pitlane (2025) Zed
40%
Every Day (2019) Capo Plaza
30%
Poursuite (2025) Charlotte Cardin
30%
Comme un dream (2020) Guirri Mafia
30%
Pitlane (2025) Houssbad
30%
Juste une minute (2024) Josman
30%
La vie du binks (2021) Leto
30%
Madre Mia (2022) Morad
30%
On y est (2015) Rimkus
30%
Diva; (2020) C'est pas un film (2021) RK
30%
Bande organisée (2020); C'est pas un film (2020);Bande organisée 2 (2024); 13 organisé (2020); Comme un dream (2020) Solda
30%
Extendo (2023) Unknown T
30%
On y est (2015) Walid
30%
Poison (2024) Dospunto
20%
Spéciale (2022) Fresh
20%
Puro (2025) Igo
20%
Avengers (2021) Kalif Hardcore
20%
Mauvais (2020) Naza
20%
Je suis Marseille (2020) Shurik'n
20%
Pitlane (2025) 1Pliké140
10%
L'étoile sur le maillot (2020); 13 organisé (2020) As
10%
Légendaire (2021) Calbo
10%
Pitlane (2025) ElGrandeToto
10%
Je suis Marseille (2020); 13 organisé (2020) Fahar
10%
Le classico organisé (2021) Guy2Bezbar
10%
C'est maintenant (2020); 13 organisé (2020) Kamikaz
10%
Légendaire (2021) Lino
10%
C'est pas un film (2021) Mig
10%
C'est pas un film (2021) Moh
10%
C'est pas un film (2021) Nahir
10%
Légendaire (2021) Oxmo Puccino
10%
Légendaire (2021) R.E.D.K
10%
C'est maintenant (2020); 13 organisé (2020) Sat L'artificier
10%
L'étoile sur le maillot (2020); 13 organisé (2020) Stone Black
10%
L'étoile sur le maillot (2020); 13 organisé (2020) Veazy
10%
Aucun quiz correspondant
Distribution des résultats
% des personnes avec chaque résultat
Percentile par nombre de réponses
Votre historique - résultats
Vous n’avez pas pris ce quiz depuis la dernière actualisation